000 00454nam a22001457a 4500
005 20150923075608.0
008 150921b xxu||||| |||| 00| 0 eng d
050 _aREF BX845.
_bA25 1994
245 _aAnnuario pontificio
_bper l'anno
_cby CATHOLIC CHURCH
260 _aVaticana
_bCitta del V ticano
_c1994
300 _a2362p.;
_c14cm.
610 _aCatholic church
_xdirectories
_919968
710 _aCATHOLIC CHURCH
_919994
942 _2lcc
_cREFERENCE
999 _c123429
_d123429